Test de Rapidité - Lettre "X" - Statistiques

Statistiques générales
  • Ce quiz a été pris 863 fois
  • Le résultat moyen est 92 sur 100
Statistiques - réponses
Lettre "X" % Correct
X
100%
X
99%
X
99%
X
99%
X
98%
X
98%
X
98%
X
98%
X
97%
X
97%
X
97%
X
97%
X
96%
X
96%
X
96%
X
96%
X
96%
X
96%
X
96%
X
96%
X
96%
X
96%
X
96%
X
96%
X
96%
X
96%
X
95%
X
95%
X
95%
X
95%
X
95%
X
95%
X
95%
X
95%
X
95%
X
95%
X
95%
X
95%
X
95%
X
94%
X
94%
X
94%
X
94%
X
94%
X
94%
X
94%
X
94%
X
94%
X
94%
X
94%
X
94%
X
94%
X
94%
X
94%
X
94%
X
94%
X
93%
X
93%
X
93%
X
93%
X
93%
X
93%
X
93%
X
93%
X
93%
X
93%
X
92%
X
92%
X
92%
X
92%
X
91%
X
91%
X
91%
X
90%
X
90%
X
90%
X
90%
X
90%
X
89%
X
88%
X
88%
X
87%
X
87%
X
87%
X
87%
X
85%
X
84%
X
84%
X
83%
X
82%
X
81%
X
80%
X
78%
X
78%
X
77%
X
76%
X
75%
X
73%
X
72%
X
70%
Aucun quiz correspondant
Distribution des résultats
% des personnes avec chaque résultat
Percentile par nombre de réponses
Votre historique - résultats
Vous n’avez pas pris ce quiz